[Event "AUTO-ADV-3114"]
[Site "http://www.queenalice.com/game.php?id=1269616"]
[Date "2014.4.1"]
[Round "1"]
[White "jalhallib"]
[Black "amadeuswags"]
[Result "1-0"]
[WhiteElo "1957"]
[BlackElo "1789"]

1. e4 d5 2. e5 f6 3. d4 a6 4. Nf3 Nc6 5. c4 Bg4 6. Be3 fxe5 7. Be2 Qd7 8. Nxe5
Bxe2 9. Qxe2 Nxe5 10. dxe5 e6 11. O-O O-O-O 12. Bg5 Be7 13. Bxe7 Nxe7 14. cxd5
Qxd5 15. Nc3 1-0

[Event "AUTO-INT-2819"]
[Site "http://www.queenalice.com/game.php?id=1332835"]
[Date "2015.1.5"]
[Round "2"]
[White "amadeuswags"]
[Black "Philchess"]
[Result "0-1"]
[WhiteElo "1832"]
[BlackElo "1664"]

1. d4 d5 2. c4 e6 3. Nc3 c5 4. cxd5 exd5 5. Nf3 cxd4 6. Qxd4 Nf6 7. Bg5 Bb4 8.
O-O-O Bxc3 9. bxc3 Nc6 10. Qc5 Ne7 11. c4 O-O 12. Bxf6 b6 13. Bxe7 bxc5 14. Bxf8
Kxf8 15. cxd5 Bf5 16. d6 Qd7 17. e3 f6 18. Bc4 g5 19. Rd5 Be4 20. Rd2 Bxf3 21.
gxf3 a6 22. h4 gxh4 23. Rxh4 a5 24. f4 f5 25. f3 Re8 26. Rd3 a4 27. a3 Kg7 28.
Kd1 Rf8 29. Ke2 Rf6 30. Kf2 Rxd6 0-1

[Event "AUTO-INT-2819"]
[Site "http://www.queenalice.com/game.php?id=1332836"]
[Date "2015.1.5"]
[Round "2"]
[White "Philchess"]
[Black "amadeuswags"]
[Result "1-0"]
[WhiteElo "1639"]
[BlackElo "1857"]

1. d4 c5 2. e3 cxd4 3. exd4 d5 4. Nf3 Nc6 5. Bb5 Qa5+ 6. Nc3 Bd7 7. a3 a6 8. b4
Qc7 9. Bxc6 Qxc6 10. Bb2 Nf6 11. Ne5 Qe6 12. O-O Ne4 13. Nxe4 dxe4 14. Re1 Bc6
15. c3 g6 16. Qe2 Bg7 17. f3 exf3 18. gxf3 O-O 19. Rad1 Bd5 20. c4 Bc6 21. Nxc6
Qxc6 22. d5 Qc7 23. Bxg7 Kxg7 24. c5 a5 25. Qxe7 Qxe7 26. Rxe7 Rab8 27. bxa5
Rfc8 28. c6 bxc6 29. dxc6 Rxc6 30. Ra7 1-0

[Event "Let's Play Chess!"]
[Site "http://www.queenalice.com/game.php?id=1606956"]
[Date "2020.4.11"]
[Round "-"]
[White "charles31"]
[Black "amadeuswags"]
[Result "0-1"]
[WhiteElo "1675"]
[BlackElo "1763"]

1. Nf3 Nf6 2. Nc3 d5 3. d4 h6 4. h3 e6 5. a3 c5 6. dxc5 Bxc5 7. b4 Bd6 8. e3 O-O
9. Nd4 Nc6 10. Nxc6 bxc6 11. Bd3 Bd7 12. f4 a5 13. bxa5 Qxa5 14. Bd2 Bb4 15. Na2
Bxd2+ 16. Qxd2 c5 17. Qxa5 Rxa5 18. Nc3 Rfa8 19. Kd2 c4 20. Be2 Rxa3 21. Rxa3
Rxa3 22. g4 Ne4+ 23. Nxe4 dxe4 24. Bxc4 Ra7 25. Rb1 Ra8 26. Kc3 Rc8 27. Rb7 Bc6
28. Ra7 Bb5 29. Kb4 Bxc4 30. c3 g5 31. fxg5 hxg5 32. Ra1 f5 33. gxf5 exf5 34.
Ra5 f4 35. exf4 gxf4 36. Rf5 f3 37. Rf4 Be2 0-1

[Event "Let's Play Chess!"]
[Site "http://www.queenalice.com/game.php?id=1606957"]
[Date "2020.4.11"]
[Round "-"]
[White "amadeuswags"]
[Black "charles31"]
[Result "1/2-1/2"]
[WhiteElo "1775"]
[BlackElo "1654"]

1. e4 e5 2. Nf3 d6 3. Nc3 Nf6 4. d4 exd4 5. Nxd4 a6 6. Bd3 Bg4 7. Nf3 Nc6 8. h3
Bh5 9. Be3 Be7 10. g4 Bg6 11. Qd2 h6 12. O-O-O b5 13. Nd4 Nxd4 14. Bxd4 c5 15.
Be3 c4 16. Be2 Nxe4 17. Nxe4 Bxe4 18. f3 Bg6 19. Bf4 Ra7 20. Rhe1 Rd7 21. Bf1
O-O 22. Bg3 d5 23. Qd4 Bf6 24. Be5 Bxe5 25. Rxe5 Re8 26. f4 f6 27. Rxe8+ Qxe8
28. Bg2 Bf7 29. f5 Qe2 30. Bf1 Qe8 31. h4 Re7 32. Bg2 Re2 33. Bxd5 Bxd5 34.
Qxd5+ Kf8 35. g5 Re5 36. Qd6+ Kg8 37. Qd8 fxg5 38. hxg5 h5 39. f6 gxf6 40. gxf6
Qxd8 41. Rxd8+ Kf7 42. Rd6 a5 43. b3 cxb3 44. axb3 b4 45. Kb2 h4 46. Ra6 h3 47.
Ra7+ Kg8 48. Rg7+ Kf8 49. Rh7 Re3 50. Kc1 Rf3 51. Kd1 Rxf6 52. Rxh3 Rf5 53. Kd2
Ke7 54. Rh6 Rd5+ 55. Kc1 Rc5 56. Ra6 1/2-1/2

[Event "AUTO-OPEN-4160"]
[Site "http://www.queenalice.com/game.php?id=1607062"]
[Date "2020.4.11"]
[Round "1"]
[White "mestre62"]
[Black "amadeuswags"]
[Result "0-1"]
[WhiteElo "1414"]
[BlackElo "1761"]

1. e4 e5 2. a3 Nf6 3. d3 Nc6 4. h3 d5 5. exd5 Nxd5 6. Be2 Be7 7. Bf3 O-O 8. Bxd5
Qxd5 9. f3 Nd4 10. Nc3 Qc6 11. Be3 Bc5 12. Ne4 f5 13. Nxc5 Qxc5 14. Bxd4 Qxd4
15. c3 Qd6 16. d4 exd4 17. Ne2 Re8 18. O-O b6 19. Nxd4 Ba6 20. Nxf5 Qc5+ 21. Kh1
Bxf1 22. Ng3 Ba6 23. Ne4 Qe7 24. Qd5+ Qe6 25. Qxe6+ Rxe6 26. Ng5 Re2 0-1

[Event "AUTO-OPEN-4160"]
[Site "http://www.queenalice.com/game.php?id=1607063"]
[Date "2020.4.11"]
[Round "1"]
[White "amadeuswags"]
[Black "mestre62"]
[Result "1-0"]
[WhiteElo "1759"]
[BlackElo "1416"]

1. e4 e5 2. Nf3 d6 3. Nc3 a6 4. d4 exd4 5. Nxd4 Be7 6. Nf5 Bxf5 7. exf5 h6 8.
Qg4 f6 9. Qxg7 Nc6 10. Qxh8 Kd7 11. Bxh6 Nxh6 12. Qxh6 Bf8 13. Qd2 Qe7+ 14. Be2
Ne5 15. O-O-O Qh7 16. g4 c6 17. Ne4 Qf7 18. Nxd6 Qxa2 19. c3 Bxd6 20. Qxd6+ Ke8
21. Qxf6 Qa1+ 22. Kc2 Qa4+ 23. Kb1 Qe4+ 24. Bd3 Nxd3 25. Qd4 Nxf2+ 26. Qxe4+
Nxe4 27. Rhe1 1-0

[Event "AUTO-OPEN-4160"]
[Site "http://www.queenalice.com/game.php?id=1607078"]
[Date "2020.4.11"]
[Round "1"]
[White "beteljeuxe"]
[Black "amadeuswags"]
[Result "1-0"]
[WhiteElo "2430"]
[BlackElo "1770"]

1. d4 d5 2. Nf3 h6 3. e3 Nc6 4. c4 Nf6 5. cxd5 Nxd5 6. e4 Nf6 7. Nc3 e6 8. a3
Be7 9. Bd3 O-O 10. Bd2 Nxd4 11. Nxd4 Qxd4 12. Be3 Qd7 13. Qe2 1-0

[Event "AUTO-OPEN-4160"]
[Site "http://www.queenalice.com/game.php?id=1607079"]
[Date "2020.4.11"]
[Round "1"]
[White "amadeuswags"]
[Black "beteljeuxe"]
[Result "0-1"]
[WhiteElo "1739"]
[BlackElo "2468"]

1. e4 c5 2. Nc3 Nc6 3. a3 Nf6 4. Nf3 d5 5. exd5 Nxd5 6. Bc4 e6 7. O-O Be7 8. d3
Nxc3 9. bxc3 O-O 10. d4 b6 11. Be3 cxd4 12. Bxd4 Qc7 13. Qd2 Nxd4 14. Qxd4 Rd8
0-1

[Event "AUTO-ADV-4325"]
[Site "http://www.queenalice.com/game.php?id=1607150"]
[Date "2020.4.11"]
[Round "1"]
[White "oevidalr"]
[Black "amadeuswags"]
[Result "1-0"]
[WhiteElo "1801"]
[BlackElo "1753"]

1. e4 e5 2. Nf3 Nc6 3. Nc3 Nf6 4. Bb5 Bc5 5. h3 O-O 6. O-O Ne7 7. d3 c6 8. Bc4
d5 9. exd5 cxd5 10. Bb3 Ng6 11. Re1 Re8 12. Bg5 Be6 13. Nxe5 Nxe5 14. Rxe5 h6
15. Bxf6 Qxf6 16. d4 1-0

[Event "AUTO-ADV-4325"]
[Site "http://www.queenalice.com/game.php?id=1607151"]
[Date "2020.4.11"]
[Round "1"]
[White "amadeuswags"]
[Black "oevidalr"]
[Result "0-1"]
[WhiteElo "1768"]
[BlackElo "1786"]

1. e4 e5 2. Nf3 Nc6 3. Bb5 Bc5 4. O-O d6 5. Nc3 Qf6 6. Ne2 Bg4 7. Ng3 Ne7 8. c3
O-O 9. b4 Bb6 10. d3 Bxf3 11. Qxf3 Qxf3 12. gxf3 Nd8 13. Kh1 a6 14. Bc4 Ng6 15.
Nf5 Re8 16. Be3 Bxe3 0-1

[Event "AUTO-ADV-4325"]
[Site "http://www.queenalice.com/game.php?id=1607163"]
[Date "2020.4.11"]
[Round "1"]
[White "amadeuswags"]
[Black "bouley"]
[Result "0-1"]
[WhiteElo "1685"]
[BlackElo "2042"]

1. e4 d5 2. Nc3 d4 3. Nce2 e5 4. Ng3 Nf6 5. Nf3 Nc6 6. Bb5 Bd6 7. O-O Bd7 8. c3
O-O 9. d3 a6 10. Bc4 dxc3 11. bxc3 b5 0-1

[Event "AUTO-ADV-4325"]
[Site "http://www.queenalice.com/game.php?id=1607170"]
[Date "2020.4.11"]
[Round "1"]
[White "amadeuswags"]
[Black "lat47"]
[Result "0-1"]
[WhiteElo "1737"]
[BlackElo "1775"]

1. e4 e5 2. Nf3 Nc6 3. Nc3 Bc5 4. Bb5 Nf6 5. O-O Qe7 6. Ne2 Nxe4 7. d4 exd4 8.
Bxc6 dxc6 9. Nexd4 O-O 10. Re1 Bg4 11. c3 Rae8 12. Qd3 f5 0-1

[Event "AUTO-ADV-4325"]
[Site "http://www.queenalice.com/game.php?id=1607171"]
[Date "2020.4.11"]
[Round "1"]
[White "lat47"]
[Black "amadeuswags"]
[Result "1-0"]
[WhiteElo "1789"]
[BlackElo "1723"]

1. e4 e5 2. c3 Nc6 3. Nf3 Nf6 4. Bd3 d5 5. exd5 Nxd5 6. g3 Bc5 7. b4 Bd6 8. Qb3
Be6 9. Qc2 Qf6 10. Be2 Bg4 11. Qd3 Qe6 12. Bd1 1-0